000
00239 a2200097 4500
001
30511
100
_a
Woollley, J G
245
_a
English for the Technical Students
260
_a
Oxford
_b
Basil Black Well Oxford
_c
090
_c
20444
_d
20444
942
_a
NUST-CAE
_c
M
_c
11608
999
_c
265584
_d
265584